| LEADER 00000nam 2200000uu 4500 |
| 001 211774 |
| 003 ULIBM |
| 008 020711s2555 th a 000 0 tha d |
| 020 9786162050978
|
| 041 ^atha
|
| 050 4 BF443 ก768ก 2555
|
| 100 เกรียงศักดิ์ เจริญวงศ์ศักดิ์
|
| 245 การคิดเชิงมโนทัศน์=^bConceptual thinking/^cเกรียงศักดิ์ เจริญวงศ์ศักดิ์
|
| 246 31 ^aConceptual thinking
|
| 250 พิมพ์ครั้งที่ 8
|
| 260 กรุงเทพฯ :^bซัคเซสมีเดีย,^c2555
|
| 300 xv,191 หน้า :^bภาพประกอบ ;^c21 ซม.
|
| 650 4 ความคิดและการคิด
|
| 650 4 ^aความคิดรวบยอด
|
| 856 ^zการคิดเชิงมโนทัศน์.pdf (สารบัญหนังสือ)^uhttp://110.164.94.213/ULIB62015//_fulltext/5/211774/20171023132156_1486.pdf |
| 999 ^aใช้งานได้ทุกระบบ
|